| 000 | 00549nam a2200169 a 4500 | ||
|---|---|---|---|
| 001 | 000036647 | ||
| 005 | 20200930075842.0 | ||
| 008 | 120124s1963 mx 000 0 spa d | ||
| 040 |
_aDO-SdBNP _bspa _cBNPHU |
||
| 082 |
_a658.1 _bR311 |
||
| 245 | 0 | 0 |
_aRecursos administrativos para pequeñas empresas. / _ceditado por Edward L. Anthony. |
| 260 |
_aMéxico : _bCentro Regional de Ayuda Técnica, _c1963. |
||
| 300 |
_a176 p. ; _c23 cm. |
||
| 490 | 1 |
_aAnuario _vno. 2 |
|
| 650 | 4 |
_aMicroempresas _xAdministración _937130 |
|
| 830 | 0 |
_aAnuario _vno. 2 _962934 |
|
| 999 |
_c36138 _d36138 |
||